Normal view
MARC view
Entry Personal Name
001 - CONTROL NUMBER
- control field: 31298
003 - CONTROL NUMBER IDENTIFIER
- control field: ARRUPE
005 - DATE AND TIME OF LATEST TRANSACTION
- control field: 20170529105134.0
008 - FIXED-LENGTH DATA ELEMENTS
- fixed length control field: 170529|| aca||aabn | a|a d
040 ## - CATALOGING SOURCE
- Original cataloging agency: ARRUPE
- Transcribing agency: ARRUPE
100 ## - HEADING--PERSONAL NAME
- Personal name: Msebenzi; Van Warmelo, N. J. (ed)
670 ## - SOURCE DATA FOUND
- Source citation: Work cat.: (ARRUPE)390: Hlongwane, Albert 31295, History of Matiwane and the Amangwane tribe, 1938